| 000 | 02053cam a22005174i 4500 | ||
|---|---|---|---|
| 003 | PE-LiUPU | ||
| 005 | 20250731184603.0 | ||
| 008 | 150616s1954 pe a rb 000 0 spa d | ||
| 035 | _a(Sirsi) a5411 | ||
| 040 |
_aPE-LiUPU _bspa _cPE-LiUPU _dPE-LiUPU _erda |
||
| 049 | _aPRUA | ||
| 082 | 0 | 4 |
_a985.01 _bG76 _221 |
| 100 | 1 |
_aGraña, Francisco, _d1878-1959, _eautor. |
|
| 245 | 1 | 4 |
_aLas trepanaciones craneanas en el Perú, en la época pre-hispánica / _cFrancisco Graña. |
| 264 | 1 |
_aLima : _bImprenta Santa María, _c1954. |
|
| 300 |
_a340 páginas : _bilustraciones ; _c25 centímetros |
||
| 336 |
_atext _2rdacontent |
||
| 337 |
_aunmediated _2rdamedia |
||
| 338 |
_avolume _2rdacarrier |
||
| 500 | _aAntes del título: Dr. Francisco Graña, Dr. Esteban D. Rocca, Dr. Luis Graña R. | ||
| 500 | _a"Año del libertador mariscal Castilla". | ||
| 504 | _aIncluye bibliografía. | ||
| 505 | 0 | _aReseña histórica -- Material de estudio -- Procedimientos quirúrgicos -- Concepto etiopatogénico -- Nuestra experiencia en craniectomía con instrumental pre-colombino -- Comentario. | |
| 526 | _aP136 | ||
| 526 | _aP135 | ||
| 526 | _aP134 | ||
| 526 | _aP133 | ||
| 526 | _aP144 | ||
| 526 | _aP143 | ||
| 526 | _aP87 | ||
| 526 | _aP35 | ||
| 526 | _aP20 | ||
| 526 | _aP14 | ||
| 526 | _aP10 | ||
| 526 | _aP06 | ||
| 650 | 0 | 4 |
_aTrepanación _zPerú _yEpoca prehispánica. |
| 700 | 1 | _aRocca, Esteban D. | |
| 700 | 1 | _aGraña R., Luis. | |
| 910 |
_ajck _bjvq _cjck |
||
| 942 |
_2ddc _cBOOK |
||
| 949 |
_a985.01 G76 _wDEWEY _c1 _i05360 _lCCODEBUL1 _mBUL _p250.00 _r0 _sY _tBOOK _u2015-04-23 _xEDUCACION _PP20 _0COMPRA _o.STAFF. Colección Ciencias Humanas y Educación |
||
| 994 |
_aC0 _bPEPRU |
||
| 596 | _a1 | ||
| 999 |
_a985.01 G76 _wDEWEY _c56437 _i05360 _d56437 _e2016-5-18 _f2021-11-8 _g5 _lCCODEBUL1 _mBUL _n1 _p250.00 _r0 _sY _tBOOK _u2015-4-23 _xBIBLIOTECA _PP20 _0COMPRA _o.CIRCNOTE. Material de alto precio _o.STAFF. Colección Ciencias Humanas y Educación |
||
| 980 |
_81 _gALBERTO SANCHEZ Responsable de Automatización |
||